Statistieken voor 100 grootste steden van Noord-Amerika op een kaart.

Klik hier om de quiz te nemen!

Algemene statistieken

  • Deze quiz is 129 keer genomen
  • De gemiddelde score is 38 van 100

Antwoorden op de kaart

Antwoorden kleurgecodeerd door een groen-rode schaal op de quizkaart volgens % correct hieronder.
 

Antwoordstatistieken

BevolkingStad% Correct
17.8 mLos Angeles
97%
6.35 mMiami
97%
22.4 mNew York
95%
8.55 mWashington, D.C.
95%
9.75 mChicago
92%
22.8 mMexico Stad
92%
5.70 mDetroit
89%
7.10 mDallas
84%
7.85 mSan Francisco
84%
7.35 mToronto
81%
5.80 mAtlanta
78%
7.65 mBoston
78%
2.75 mVancouver
78%
6.60 mHouston
76%
2.25 mLas Vegas
76%
4.25 mMontréal
76%
4.38 mSeattle
76%
2.23 mHavana
73%
2.35 mSan José
73%
7.35 mPhiladelphia
70%
1.23 mOttawa
68%
5.28 mTijuana | San Diego
68%
1.92 mAustin
62%
3.15 mGuatemala Stad
62%
1.51 mPanama Stad
62%
3.70 mDenver
59%
4.58 mPhoenix
59%
3.13 mPort-au-Prince
59%
1.02 mNew Orleans
57%
4.30 mTampa
54%
5.25 mGuadalajara
51%
1.98 mIndianapolis
51%
3.90 mSanto Domingo
51%
1.15 mMemphis
49%
3.15 mMinneapolis
49%
2.40 mPortland
49%
1.87 mSan Salvador
49%
1.51 mCalgary
46%
2.50 mEl Paso | Juárez
43%
3.38 mOrlando
43%
2.08 mSacramento
43%
1.14 mTegucigalpa
43%
1.42 mJacksonville
41%
1.32 mManagua
41%
2.43 mSalt Lake City
41%
2.35 mSt. Louis
41%
2.43 mCharlotte
38%
3.08 mCleveland
38%
1.55 mMilwaukee
38%
4.93 mMonterrey
38%
1.46 mNashville
35%
2.18 mSan Antonio
35%
0.76 mCancún
32%
1.36 mEdmonton
32%
1.98 mKansas City
32%
1.06 mLouisville
32%
1.14 mOklahoma City
32%
2.78 mCincinnati
27%
2.03 mSan Juan
27%
0.92 mChihuahua
24%
1.73 mColumbus
24%
2.05 mPittsburgh
24%
0.84 mTucson
24%
3.13 mPuebla
22%
0.89 mAcapulco
19%
1.13 mMérida
19%
0.75 mBirmingham
16%
1.35 mBuffalo
16%
1.63 mRaleigh
14%
1.06 mRichmond
14%
1.69 mHartford
11%
1.19 mProvidence
11%
1.61 mVirginia Beach
11%
1.91 mLeón
8%
2.28 mToluca
8%
1.33 mHarrisburg
5%
0.78 mLaredo | Nuevo Laredo
5%
1.14 mMatamoros | Brownsville
5%
1.19 mMelbourne
5%
1.04 mMexicali
5%
1.40 mQuerétaro
5%
1.50 mReynosa | McAllen
5%
1.35 mTorreón
5%
0.92 mVeracruz
5%
1.14 mAguascalientes
3%
0.92 mBridgeport
3%
1.04 mCuernavaca
3%
1.11 mGreensboro
3%
0.91 mMorelia
3%
1.18 mSan Pedro Sula
3%
1.25 mStockton
3%
1.07 mCape Coral
0%
0.91 mCuliacán
0%
0.88 mHermosillo
0%
0.92 mSaltillo
0%
1.21 mSan Luis Potosí
0%
0.92 mTampico
0%
0.81 mTuxtla Gutiérrez
0%
0.82 mVillahermosa
0%
0.77 mXalapa
0%

Scoreverdeling

Percentiel versus Aantal Correcte Antwoorden

Procent van Mensen met Elke Score

Uw Scoregeschiedenis

U heeft deze quiz nog niet genomen